| 000 | 01005nam a2200265 a 4500 | ||
|---|---|---|---|
| 001 | BRCA_1004 | ||
| 005 | 20190320203235.0 | ||
| 008 | 920925s1991 mx-a---##b---#000-0#spa-d | ||
| 020 | _a96865200508 | ||
| 040 |
_aDLC _cDLC |
||
| 041 | _aspa | ||
| 044 | _amx | ||
| 050 | 4 |
_aF1391.C7 _b.C75 1991 |
|
| 245 | 1 | 0 |
_aSan Cristóbal de Las Casas _bciudad real de las Chiapas _ccompilador Eraclio Zepeda ; colaboradores Juan B. Artigas ... [et al.] ; fotógrafos Lorenzo Armendáriz ... [et al.]. |
| 260 |
_aMéxico _bBanco Internacional _c1991 |
||
| 300 |
_a203 p. _bil. a color _c33 cm. |
||
| 500 | _aIncluye índice de fotografías | ||
| 504 | _aIncluye referencias bibliográficas | ||
| 651 | 4 |
_aSan Cristóbal de Las Casas _xDescripción y viajes _zChiapas (México) _93307 |
|
| 651 | 4 |
_aSan Cristóbal de Las Casas _xTrabajos Ilustrados _zChiapas (México) _93308 |
|
| 700 | 1 |
_aZepeda, Eraclio _ecomp. _93309 |
|
| 700 | 1 |
_aArtigas H., Juan B. _93310 |
|
| 700 | 1 |
_aArmendáriz, Lorenzo _93311 |
|
| 942 |
_2lcc _cB |
||
| 999 |
_c885 _d885 |
||